| 000 | 02252nam a2200421 i 4500 | ||
|---|---|---|---|
| 001 | ebr10782431 | ||
| 003 | CaPaEBR | ||
| 006 | m o d | ||
| 007 | cr cn||||||||| | ||
| 008 | 040319t20052005njua ob 001 0 eng|d | ||
| 020 | _z0691113580 (cl : alk. paper) | ||
| 020 | _z9780691130545 | ||
| 020 | _a9781400849321 (e-book) | ||
| 040 |
_aCaPaEBR _beng _erda _epn _cCaPaEBR |
||
| 035 | _a(OCoLC)868970309 | ||
| 043 | _ae-sp--- | ||
| 050 | 1 | 4 |
_aDP104 _b.P475 2005eb |
| 082 | 0 | 4 |
_a946/.04/088297 _222 |
| 100 | 1 |
_aPerry, Mary Elizabeth, _d1937- |
|
| 245 | 1 | 4 |
_aThe handless maiden : _bMoriscos and the politics of religion in early modern Spain / _cMary Elizabeth Perry. |
| 264 | 1 |
_aPrinceton, New Jersey : _bPrinceton University Press, _c[2005] |
|
| 264 | 4 | _c�2005 | |
| 300 |
_a1 online resource (225 pages) : _billustrations. |
||
| 336 |
_atext _2rdacontent |
||
| 337 |
_acomputer _2rdamedia |
||
| 338 |
_aonline resource _2rdacarrier |
||
| 440 | 0 | _aJews, Christians, and Muslims from the ancient to the modern world | |
| 504 | _aIncludes bibliographical references (pages [181]-195) and index. | ||
| 505 | 0 | _aIntroduction : from the shadows -- Memories, myths, and the handless maiden -- Madalena's bath -- Dangerous domesticity -- With stones and roasting spits -- Patience and perseverence -- The castigation of Carcayona -- Warehouse children, mixed legacies, and contested identities. | |
| 588 | _aDescription based on print version record. | ||
| 590 | _aElectronic reproduction. Palo Alto, Calif. : ebrary, 2013. Available via World Wide Web. Access may be limited to ebrary affiliated libraries. | ||
| 650 | 0 |
_aMoriscos _zSpain _xHistory. |
|
| 650 | 0 |
_aMuslim women _zSpain _xHistory. |
|
| 655 | 0 | _aElectronic books. | |
| 776 | 0 | 8 |
_iPrint version: _aPerry, Mary Elizabeth. _tHandless maiden : Moriscos and the politics of religion in early modern Spain. _dPrinceton, New Jersey : Princeton University Press, [2005] _hxix, 202 pages ; 25 cm. _kJews, Christians, and Muslims from the ancient to the modern world _z9780691130545 _w(OCoLC)ocm54865327 _w(DLC) 2004044675 |
| 797 | 2 | _aebrary. | |
| 856 | 4 | 0 |
_uhttp://site.ebrary.com/lib/rucke/Doc?id=10782431 _zAn electronic book accessible through the World Wide Web; click to view |
| 999 |
_c134953 _d134953 |
||